00394cam a2200169ua 45000010005000000080039000050200015000440400009000590410008000680820008000761000030000842450041001142500009001552600032001643000009001966530019002058629150218n ii |||gr||||Z||||||eng a817096542X cMAIN aeng a821 aCalandra, D. M.,eAuthor. aLord of the fliescBy D. M. Calandra a1st. aNew Delhi:bKalyani,c1994. a69p. aEnglish poetry